| 000 | 00559nam a2200217Ia 4500 | ||
|---|---|---|---|
| 005 | 20250923145727.0 | ||
| 008 | 008 250917s9999 xx 000 0 eng d | ||
| 037 | _aTextual | ||
| 040 |
_aDSWL _beng _cDSWL |
||
| 041 |
_aeng _2eng |
||
| 084 |
_aX:8, N49 _qDSWL |
||
| 100 |
_aScott, W.D. _9838357 |
||
| 245 | 0 |
_aPersonnel management _cby W.D.Scott |
|
| 250 | _a4th | ||
| 260 |
_aNew York _b M.c. Grawth Ltd. _c1949 |
||
| 300 | _axii,648p. | ||
| 365 |
_aUSD _b5.5 |
||
| 925 | _g5.5 | ||
| 942 |
_cTEXL _hX:8, N49 |
||
| 999 |
_c1454883 _d1454883 |
||